| 000 | 01317nam a2200241Ia 4500 | ||
|---|---|---|---|
| 999 |
_c38588 _d38588 |
||
| 001 | 4705 | ||
| 003 | GE_BSU | ||
| 005 | 20190722144329.0 | ||
| 008 | 181216s2010||||ge |||||||||||||| ||geo|| | ||
| 020 | _a9789941420245 | ||
| 040 | _cGE_BSU | ||
| 041 | _ageo | ||
| 080 | _a37.01 ფ-91 | ||
| 100 |
_aფრენე, სულესტენ _93270 |
||
| 245 |
_aპედაგოგიური ინვარიანტები / _cსულესტენ ფრენე ; ქართ. გამოც. რედ. კახმეგ კუდავა ; რუს. თარგმნეს : ციალა კალმახელიძემ და კახმეგ კუდავამ ციალა კალმახელიძემ და კახმეგ კუდავამ |
||
| 264 |
_aთბილისი : _bინტელექტი ; _c2010. |
||
| 300 |
_a106 გვ. ; _c 20 სმ. |
||
| 541 | _h6 ლ. | ||
| 653 | _aპედაგოგიური ინვარიანტები | ||
| 700 |
_aკუდავა, კახმეგ _eქართული გამოცემის რედაქტორი _93271 |
||
| 700 |
_a კალმახელიძე, ციალა _eმთარგმნელი _93272 |
||
| 942 |
_cBK _2udc |
||